Statistiken für Größte Städte in Rheinhessen-Pfalz

Klicken Sie hier um das Quiz zu spielen!

Allgemein

  • Dieses Quiz wurde 45 mal gespielt
  • Das Durchschnittsergebnis liegt bei 12 aus 20

Antwortstatistiken

EinwohnerKreisStadt% Korrekt
218.578kreisfreiMainz
97%
100.030kreisfreiKaiserslautern
84%
172.253kreisfreiLudwigshafen am Rhein
82%
50.561kreisfreiSpeyer
76%
83.542kreisfreiWorms
76%
25.899Mainz-BingenBingen am Rhein
74%
53.264kreisfreiNeustadt an der Weinstraße
71%
46.881kreisfreiLandau in der Pfalz
68%
18.627Alzey-WormsAlzey
63%
40.231kreisfreiPirmasens
63%
48.792kreisfreiFrankenthal (Pfalz)
61%
35.193Mainz-BingenIngelheim am Rhein
58%
18.575Bad DürkheimBad Dürkheim
50%
20.798GermersheimGermersheim
50%
34.193kreisfreiZweibrücken
47%
20.412Rhein-Pfalz-KreisSchifferstadt
34%
13.504Bad DürkheimGrünstadt
29%
20.234Bad DürkheimHaßloch
29%
12.844Rhein-Pfalz-KreisMutterstadt
29%
18.120GermersheimWörth am Rhein
29%

Verteilung der Resultate

Perzentil nach korrekt beantworteten Fragen

Anzahl Personen mit jedem Resultat

Ihre Resultats-Entwicklung

Sie haben dieses Quiz noch nicht gespielt